[Event "BIH-chT2"]
[Site "Bosna"]
[Date "2017.08.29"]
[Round "8.1"]
[White "Hadzic, Sabahet"]
[Black "Corbadzic, Samir"]
[Result "0-1"]
[WhiteElo "2019"]
[BlackElo "2137"]
[PlyCount "60"]
[EventDate "2017.08.25"]
[EventType "team-tourn"]
[EventRounds "9"]
[EventCountry "BIH"]
[SourceTitle "EXT 2019"]
[Source "ChessBase"]
[SourceDate "2018.10.10"]
[SourceVersion "1"]
[SourceVersionDate "2018.10.10"]
[SourceQuality "1"]

1. d4 e6 2. c4 d5 3. Nc3 c6 4. Nf3 f5 5. cxd5 exd5 6. Bg5 Be7 7. Bxe7 Qxe7 8. e3 Nf6 9. Bd3 Ne4 10. 0-0 0-0 11. Ne5 Nd7 12. f4 Rf6 13. Bxe4 fxe4 14. Qb3 Kh8 15. Nxd7 Qxd7 16. Rac1 Qe7 17. a3 Bg4 18. Qc2 Raf8 19. Nd1 Bc8 20. Qc5 Qf7 21. Qxa7 Be6 22. a4 g5 23. g3 Qg7 24. f5 Bxf5 25. Nf2 Qf7 26. Kg2 Qh5 27. Rce1 Bc8 28. h3 Rxf2+ 29. Rxf2 Qxh3+ 30. Kg1 Qxg3+ 0-1

[Event "BIH-chT2"]
[Site "Bosna"]
[Date "2017.08.26"]
[Round "2.4"]
[White "Corbadzic, Samir"]
[Black "Strinic, Halid"]
[Result "0-1"]
[WhiteElo "2137"]
[BlackElo "2089"]
[PlyCount "96"]
[EventDate "2017.08.25"]
[EventType "team-tourn"]
[EventRounds "9"]
[EventCountry "BIH"]
[SourceTitle "EXT 2019"]
[Source "ChessBase"]
[SourceDate "2018.10.10"]
[SourceVersion "1"]
[SourceVersionDate "2018.10.10"]
[SourceQuality "1"]

1. e4 c5 2. Nf3 d6 3. d4 cxd4 4. Nxd4 Nf6 5. Nc3 a6 6. Bg5 Nbd7 7. f4 e6 8. Qf3 Qc7 9. 0-0-0 Be7 10. g4 h6 11. Bxf6 Bxf6 12. h4 g6 13. Bg2 Rb8 14. g5 hxg5 15. hxg5 Rxh1 16. Bxh1 Bg7 17. f5 Ne5 18. Qh3 Qd7 19. fxe6 fxe6 20. Rf1 Qe7 21. Kb1 Bd7 22. Qh7 Kd8 23. Nf3 Be8 24. Rd1 Nxf3 25. Bxf3 Bxc3 26. Qxe7+ Kxe7 27. bxc3 Bc6 28. Rh1 Rf8 29. Rh7+ Kd8 30. Bh1 Rf4 31. Bg2 e5 32. Rg7 Rg4 33. Bh3 Rxg5 34. Bf5 Rg1+ 35. Kb2 g5 36. c4 g4 37. Rxg4 Rxg4 38. Bxg4 Bxe4 39. Kc3 a5 40. Kd2 Kc7 41. c3 Kc6 42. Ke3 Bb1 43. a3 Kc5 44. Bc8 Kxc4 45. Bxb7 Kxc3 46. Bd5 Bc2 47. Bc6 Kc4 48. Kd2 Bf5 0-1

[Event "BIH-chT1A 22nd"]
[Site "Tuzla"]
[Date "2015.10.17"]
[Round "3.2"]
[White "Hadzic, Latif"]
[Black "Corbadzic, Samir"]
[Result "1/2-1/2"]
[WhiteElo "2047"]
[BlackElo "2111"]
[PlyCount "68"]
[EventDate "2015.10.16"]
[EventType "tourn"]
[EventRounds "9"]
[EventCountry "BIH"]
[SourceTitle "CBM 169 Extra"]
[Source "ChessBase"]
[SourceDate "2015.12.18"]
[SourceVersion "1"]
[SourceVersionDate "2015.12.18"]
[SourceQuality "1"]

1. e4 e6 2. Qe2 c5 3. Nf3 Nc6 4. g3 Nge7 5. Bg2 g6 6. 0-0 Bg7 7. d3 0-0 8. Nc3 a6 9. a4 Rb8 10. Bd2 d6 11. Nd1 Qc7 12. c3 Bd7 13. Bf4 b5 14. axb5 axb5 15. Qe3 Rfe8 16. d4 c4 17. Bh6 Bh8 18. Nd2 Nd8 19. Qe2 f5 20. Be3 Nf7 21. f4 d5 22. exf5 Nxf5 23. Bf2 Ra8 24. Ne3 Nxe3 25. Bxe3 Nd6 26. Bf2 Bg7 27. Nf3 Ra7 28. Ne5 Rea8 29. Rxa7 Rxa7 30. Nxd7 Qxd7 31. Re1 Kf7 32. Bh3 Ne4 33. Bg2 Nd6 34. Bh3 Ne4 1/2-1/2

[Event "BIH-chT1A 22nd"]
[Site "Tuzla"]
[Date "2015.10.16"]
[Round "1.1"]
[White "Corbadzic, Samir"]
[Black "Strinic, Halid"]
[Result "0-1"]
[WhiteElo "2111"]
[BlackElo "2109"]
[PlyCount "100"]
[EventDate "2015.10.16"]
[EventType "tourn"]
[EventRounds "9"]
[EventCountry "BIH"]
[SourceTitle "CBM 169 Extra"]
[Source "ChessBase"]
[SourceDate "2015.12.18"]
[SourceVersion "1"]
[SourceVersionDate "2015.12.18"]
[SourceQuality "1"]

1. e4 c5 2. Nf3 d6 3. d4 cxd4 4. Nxd4 Nf6 5. Nc3 a6 6. Bg5 e6 7. f4 Nbd7 8. g4 h6 9. Bh4 g5 10. fxg5 Nh7 11. Qd2 Be7 12. 0-0-0 Bxg5 13. Bxg5 Qxg5 14. Qxg5 hxg5 15. Nf3 Ke7 16. Bg2 Ne5 17. h3 Bd7 18. Rhe1 Bc6 19. Rd4 Nxf3 20. Bxf3 Nf8 21. Bg2 Ng6 22. Re3 Nf4 23. Bf1 Rhd8 24. Rd2 Rac8 25. Ne2 Bb5 26. Nxf4 gxf4 27. Rf3 Bxf1 28. Rxf1 e5 29. Rf3 Rc4 30. Re2 Rdc8 31. c3 b5 32. Kc2 Ra4 33. a3 Rac4 34. Kb3 Ke6 35. Rd3 R8c6 36. Kc2 a5 37. b3 R4c5 38. Kd2 a4 39. b4 Rc4 40. Kc2 Rd4 41. Kd2 Rxd3+ 42. Kxd3 d5 43. h4 Rc4 44. exd5+ Kxd5 45. h5 e4+ 46. Kd2 Ke5 47. h6 Rc8 48. Rh2 e3+ 49. Ke2 Ke4 50. h7 f3+ 0-1

[Event "BIH-chT1B"]
[Site "Neum"]
[Date "2012.08.26"]
[Round "2.3"]
[White "Corbadzic, Samir"]
[Black "Mujinovic, Muhamed"]
[Result "0-1"]
[WhiteElo "2106"]
[BlackElo "2063"]
[PlyCount "183"]
[EventDate "2012.08.25"]
[EventType "team-tourn"]
[EventRounds "9"]
[EventCountry "BIH"]
[SourceTitle "CBM 150 Extra"]
[Source "ChessBase"]
[SourceDate "2012.10.19"]
[SourceVersion "1"]
[SourceVersionDate "2012.10.19"]
[SourceQuality "1"]

1. e4 c5 2. Nf3 Nc6 3. d4 cxd4 4. Nxd4 e5 5. Nb5 Nf6 6. N1c3 a6 7. Nd6+ Bxd6 8. Qxd6 Qe7 9. Qxe7+ Nxe7 10. Bg5 b5 11. 0-0-0 Bb7 12. f3 Bc6 13. a3 Rd8 14. Rd6 Nfg8 15. Be2 f6 16. Be3 Nc8 17. Rd2 Nge7 18. Rhd1 0-0 19. Bc5 f5 20. exf5 Rxf5 21. Bd3 Rf6 22. Be4 Kf7 23. Na2 Bxe4 24. fxe4 d6 25. Nb4 dxc5 26. Rxd8 cxb4 27. axb4 Rc6 28. b3 h6 29. R1d3 Ke6 30. Rg3 g6 31. Kb2 Nd6 32. Re3 Nf7 33. Ra8 Nd6 34. Rh8 h5 35. h4 Rc7 36. Ra8 Rc6 37. Rd8 Rb6 38. c3 Nc6 39. Rf8 Ke7 40. Rf1 Rb8 41. Ra1 Ra8 42. Rg3 Kf7 43. Rf1+ Kg7 44. Re3 Nd8 45. Rd1 N8f7 46. Rg1 Nh6 47. Rd1 Rd8 48. Red3 Nhf7 49. Ra1 Ra8 50. Re3 Kf6 51. Rf1+ Ke6 52. Rg3 g5 53. hxg5 Nxe4 54. Rh3 Nexg5 55. Rxh5 e4 56. Ra1 Kd5 57. Kc2 Ra7 58. Rd1+ Ke5 59. c4 Rc7 60. c5 Kf4 61. Rhh1 Kg3 62. Rhg1 Re7 63. Kd2 Ne5 64. Ke3 Ng4+ 65. Ke2 Ne6 66. Rd6 Nf4+ 67. Kd2 e3+ 68. Ke1 Re4 69. c6 Re7 70. Rf1 Nxg2+ 71. Ke2 Nf4+ 72. Rxf4 Kxf4 73. Rd7 Re6 74. c7 Rc6 75. Rf7+ Ke4 76. Re7+ Ne5 77. Kd1 Kd4 78. Ke2 Ng4 79. Kf3 Kc3 80. Kxg4 Kxb3 81. Rxe3+ Kxb4 82. Re6 Rxc7 83. Rxa6 Rf7 84. Kg3 Kb3 85. Rb6 b4 86. Rb8 Kc3 87. Rc8+ Kb2 88. Rb8 b3 89. Kg4 Kc2 90. Rc8+ Kb1 91. Rh8 Rf1 92. Rd8 0-1

[Event "BIH-chT2"]
[Site "Tuzla"]
[Date "2010.07.23"]
[Round "8"]
[White "Pantic, Bojan"]
[Black "Corbadzic, Samir"]
[Result "1-0"]
[WhiteElo "2084"]
[BlackElo "2103"]
[PlyCount "61"]
[EventDate "2010.07.18"]
[EventType "team-swiss"]
[EventRounds "9"]
[EventCountry "BIH"]
[SourceTitle "CBM 137 Extra"]
[Source "ChessBase"]
[SourceDate "2010.09.01"]
[SourceVersion "1"]
[SourceVersionDate "2010.09.01"]
[SourceQuality "1"]

1. d4 Nf6 2. c4 g6 3. Nc3 Bg7 4. e4 d6 5. f4 0-0 6. Nf3 Nbd7 7. Bd3 c6 8. e5 dxe5 9. fxe5 Ne8 10. Qe2 Nb6 11. h3 Be6 12. 0-0 Qc8 13. Ng5 Nc7 14. a4 a5 15. Be3 Nd7 16. h4 Nb8 17. Nxe6 Qxe6 18. Ne4 Nba6 19. h5 Nb4 20. Ng5 Qd7 21. Nxh7 Nxd3 22. Nxf8 Rxf8 23. Qxd3 gxh5 24. Qf5 Ne6 25. Rad1 Qc7 26. d5 cxd5 27. cxd5 Nd8 28. d6 exd6 29. exd6 Qc4 30. d7 Qxa4 31. Bc5 1-0

[Event "BIH CFFBH-chT2"]
[Site "Neum"]
[Date "2007.08.26"]
[Round "3"]
[White "Corbadzic, Samir"]
[Black "Gojak, Vehbija"]
[Result "1-0"]
[WhiteElo "2118"]
[BlackElo "2108"]
[PlyCount "91"]
[EventDate "2007.08.25"]
[EventType "team-tourn"]
[EventRounds "9"]
[EventCountry "BIH"]
[SourceTitle "EXT 2023"]
[Source "ChessBase"]
[SourceDate "2022.10.05"]
[SourceVersion "1"]
[SourceVersionDate "2022.10.05"]
[SourceQuality "1"]

1. e4 e6 2. d4 d5 3. Nc3 Bb4 4. e5 c5 5. a3 Bxc3+ 6. bxc3 Ne7 7. Qg4 Qc7 8. Bd3 c4 9. Be2 Nf5 10. Nf3 Bd7 11. 0-0 Ba4 12. Ra2 Nc6 13. Nh4 Nce7 14. Qh3 0-0-0 15. Nxf5 Nxf5 16. Bg4 Ne7 17. Bg5 Rde8 18. Rb1 b5 19. Rab2 Kb7 20. Qf3 Ref8 21. Rxb5+ Bxb5 22. Rxb5+ Ka8 23. g3 h6 24. Rc5 Qb7 25. Bxe7 Qxe7 26. Rxc4 Rc8 27. Rb4 Rb8 28. c4 Rxb4 29. axb4 Qxb4 30. cxd5 Qb7 31. dxe6 fxe6 32. Qxb7+ Kxb7 33. Bxe6 Rd8 34. c3 a5 35. Bb3 Kc7 36. d5 Rb8 37. Ba4 Rb1+ 38. Kg2 Re1 39. d6+ Kd8 40. f4 Re4 41. Bb5 h5 42. Kf3 Re1 43. Ba4 g5 44. Kf2 Re4 45. Bc2 Rc4 46. e6 1-0

[Event "BIH-chT2"]
[Site "Neum"]
[Date "2005.08.23"]
[Round "6"]
[White "Corbadzic, Samir"]
[Black "Tomic, Bosko"]
[Result "1/2-1/2"]
[WhiteElo "2181"]
[BlackElo "2302"]
[PlyCount "40"]
[EventDate "2005.08.20"]
[EventType "team-tourn"]
[EventRounds "9"]
[EventCountry "BIH"]
[SourceTitle "EXT 2007"]
[Source "ChessBase"]
[SourceDate "2006.11.23"]
[SourceVersion "1"]
[SourceVersionDate "2006.11.23"]
[SourceQuality "1"]

1. e4 c5 2. Nf3 e6 3. d4 cxd4 4. Nxd4 a6 5. g3 Nf6 6. Bg2 Qc7 7. 0-0 Nc6 8. Nxc6 dxc6 9. Bg5 Be7 10. Qe2 e5 11. c4 h6 12. Be3 Ng4 13. Bc1 Bc5 14. Nc3 Bd4 15. h3 Nf6 16. Nd1 0-0 17. Rb1 b5 18. Ne3 Be6 19. b3 Rab8 20. Kh2 Nd7 1/2-1/2

[Event "BIH-chT2"]
[Site "Neum"]
[Date "2005.08.22"]
[Round "4"]
[White "Corbadzic, Samir"]
[Black "Jovanovic, Nenad1"]
[Result "0-1"]
[WhiteElo "2181"]
[BlackElo "2065"]
[PlyCount "92"]
[EventDate "2005.08.20"]
[EventType "team-tourn"]
[EventRounds "9"]
[EventCountry "BIH"]
[SourceTitle "EXT 2007"]
[Source "ChessBase"]
[SourceDate "2006.11.23"]
[SourceVersion "1"]
[SourceVersionDate "2006.11.23"]
[SourceQuality "1"]

1. e4 c5 2. Nf3 d6 3. d4 cxd4 4. Nxd4 Nf6 5. Nc3 a6 6. Bg5 e6 7. f4 h6 8. Bh4 Be7 9. Bf2 Qa5 10. Qd2 Nc6 11. Nb3 Qc7 12. Bd3 b5 13. 0-0 Bb7 14. a3 0-0 15. Ne2 e5 16. f5 Ng4 17. Ng3 Nxf2 18. Qxf2 Bh4 19. Qf3 Bxg3 20. Qxg3 f6 21. c3 Ne7 22. Rac1 d5 23. Qe3 dxe4 24. Bxe4 Bxe4 25. Qxe4 Qb6+ 26. Kh1 Rad8 27. Rce1 a5 28. Nc1 Rd7 29. Ne2 Rfd8 30. Ng3 Qc6 31. Qg4 Nd5 32. Qf3 Qb6 33. Nh5 Qc5 34. h3 Nb6 35. Qg4 Qf8 36. Rd1 Nc4 37. Rxd7 Rxd7 38. Rf2 a4 39. Re2 Qf7 40. Qf3 Rd1+ 41. Kh2 Nd2 42. Qa8+ Kh7 43. Ng3 h5 44. h4 Qc4 45. Re4 Nxe4 46. Nxe4 Qf1 0-1